'X' Factor Quiz Stats

 Plays Quiz Updated Jan 26, 2012

Also try: 'Q', 'X', 'Z' Game
Challenge
Share
Tweet
Embed
Score 0/22 Timer 07:00
0 Plays Today
Category X-Word % Correct
US StateTexas
76.2%
Santa's ReindeerVixen
69.2%
US StateNew Mexico
65.7%
MLB TeamBoston Red Sox
55.6%
CountryMexico
55.4%
Element of the Periodic TableXenon
54.6%
MLB TeamChicago White Sox
54.4%
US President (Last Name)Richard Nixon
53.7%
Harry Potter BookHarry Potter and the Order of the Phoenix
49.8%
Book of the BibleExodus
44.3%
NFL TeamHouston Texans
40.1%
Category X-Word % Correct
CountryLuxembourg
29.4%
US CapitalPhoenix, Arizona
28.8%
Element of the Periodic TableOxygen
19.9%
Dr. Seuss BookThe Lorax
16%
Monopoly Board Space*Luxury Tax
15%
Walt Disney Animated ClassicThe Fox and the Hound
14.5%
Monopoly Board Space*Income Tax
11.2%
Dr. Seuss BookFox in Socks
11.1%
Emmy Award, Outstanding ComedyTaxi
6.4%
Emmy Award, Outstanding ComedySex and the City
4.5%
Emmy Award, Outstanding DramaNorthern Exposure
0.7%

You're not logged in!

Compare scores with friends on all Sporcle quizzes.
OR
Log In

You Might Also Like...

Show Comments

Extras

Top Quizzes Today


Score Distribution

Your Account Isn't Verified!

In order to create a playlist on Sporcle, you need to verify the email address you used during registration. Go to your Sporcle Settings to finish the process.

Report this User

Report this user for behavior that violates our Community Guidelines.

Details: